Statistics for Generation 2 Pokemon

Click here to take the quiz!

General Stats

  • This quiz has been taken 4,899 times
  • The average score is 72 of 100

Answer Stats

NumberPokemon% Correct
152Chikorita
96%
153Bayleef
94%
155Cyndaquil
94%
158Totodile
94%
157Typhlosion
94%
250Ho-Oh
92%
154Meganium
92%
156Quilava
92%
249Lugia
91%
159Croconaw
90%
160Feraligatr
90%
244Entei
89%
245Suicune
89%
251Celebi
87%
163Hoothoot
87%
243Raikou
87%
164Noctowl
85%
162Furret
84%
161Sentret
84%
208Steelix
84%
248Tyranitar
84%
246Larvitar
83%
172Pichu
83%
247Pupitar
83%
239Elekid
82%
240Magby
81%
196Espeon
80%
197Umbreon
80%
181Ampharos
78%
168Ariados
78%
179Mareep
78%
212Scizor
78%
167Spinarak
78%
174Igglybuff
77%
173Cleffa
76%
229Houndoom
76%
175Togepi
76%
169Crobat
75%
228Houndour
75%
241Miltank
75%
180Flaaffy
74%
165Ledyba
73%
176Togetic
73%
230Kingdra
72%
166Ledian
72%
237Hitmontop
71%
198Murkrow
71%
238Smoochum
71%
200Misdreavus
70%
201Unown
70%
214Heracross
69%
221Piloswine
68%
220Swinub
68%
187Hoppip
67%
227Skarmory
67%
185Sudowoodo
67%
236Tyrogue
67%
204Pineco
66%
186Politoed
66%
199Slowking
66%
242Blissey
65%
189Jumpluff
65%
188Skiploom
65%
215Sneasel
65%
182Bellossom
64%
177Natu
64%
178Xatu
64%
232Donphan
63%
205Forretress
63%
171Lanturn
63%
231Phanpy
63%
192Sunflora
63%
216Teddiursa
63%
217Ursaring
63%
170Chinchou
62%
226Mantine
62%
183Marill
62%
218Slugma
62%
234Stantler
62%
191Sunkern
62%
184Azumarill
61%
219Magcargo
60%
194Wooper
60%
225Delibird
59%
203Girafarig
59%
224Octillery
59%
233Porygon2
59%
195Quagsire
59%
223Remoraid
59%
206Dunsparce
57%
210Granbull
57%
202Wobbuffet
57%
193Yanma
56%
190Aipom
55%
207Gligar
55%
235Smeargle
55%
209Snubbull
55%
222Corsola
54%
213Shuckle
54%
211Qwilfish
52%

Score Distribution

Percentile by Number Answered

Percent of People with Each Score

Your Score History

You have not taken this quiz